LEADER 02355nam 2200637 a 450 001 9910462495703321 005 20200520144314.0 010 $a3-11-080874-9 024 7 $a10.1515/9783110808742 035 $a(CKB)2670000000235031 035 $a(EBL)3040460 035 $a(SSID)ssj0000559623 035 $a(PQKBManifestationID)11356348 035 $a(PQKBTitleCode)TC0000559623 035 $a(PQKBWorkID)10567828 035 $a(PQKB)11132065 035 $a(MiAaPQ)EBC3040460 035 $a(WaSeSS)Ind00009674 035 $a(DE-B1597)43254 035 $a(OCoLC)979839136 035 $a(DE-B1597)9783110808742 035 $a(Au-PeEL)EBL3040460 035 $a(CaPaEBR)ebr10588200 035 $a(OCoLC)922943289 035 $a(EXLCZ)992670000000235031 100 $a20000501d2001 uy 0 101 0 $aeng 135 $aur|n|---||||| 181 $ctxt 182 $cc 183 $acr 200 00$aCodeswitching worldwide II$b[electronic resource] /$fedited by Rodolfo Jacobson 205 $aReprint 2011 210 $aBerlin ;$aNew York $cMouton de Gruyter$d2001 215 $a1 online resource (377 p.) 225 0 $aTrends in Linguistics. Studies and Monographs [TiLSM] ;$v126 225 0$aTrends in linguistics.$pStudies and monographs ;$v126 300 $aChiefly papers presented at the 14th World Congress of Sociology, held 1998, University of Montreal. 311 $a3-11-016768-9 320 $aIncludes bibliographical references (p. [343]-364) and index. 327 $asection 1. Theoretical issues revisited -- section 2. Linguistic aspects : from morphosyntax to semantics -- section 3. Codeswitching as oral and/or written strategy -- section 4. Emergence of new ethnicities -- section 5. Communication codes in education. 410 0$aTrends in Linguistics : Studies and Monographs [TiLSM] 606 $aCode switching (Linguistics)$vCongresses 608 $aElectronic books. 615 0$aCode switching (Linguistics) 676 $a306.44 686 $aES 146$2rvk 701 $aJacobson$b Rodolfo$0706340 712 12$aWorld Congress of Sociology$d(14th :$f1998 :$eUniversity of Montreal) 801 0$bMiAaPQ 801 1$bMiAaPQ 801 2$bMiAaPQ 906 $aBOOK 912 $a9910462495703321 996 $aCodeswitching worldwide II$92474443 997 $aUNINA LEADER 03416nam 2200505Ia 450 001 9910961067703321 005 20200520144314.0 010 0 $a0191566462 010 0 $a9780191566462 035 $a(MiAaPQ)EBC7036528 035 $a(CKB)24235066800041 035 $a(MiAaPQ)EBC3054749 035 $a(Au-PeEL)EBL3054749 035 $a(CaPaEBR)ebr10581535 035 $a(CaONFJC)MIL389330 035 $a(OCoLC)801405235 035 $a(Au-PeEL)EBL7036528 035 $a(EXLCZ)9924235066800041 100 $a20061117d2006 uy 0 101 0 $aeng 135 $aur||||||||||| 181 $ctxt$2rdacontent 182 $cc$2rdamedia 183 $acr$2rdacarrier 200 10$aFamily law and personal life /$fJohn Eekelaar 205 $a1st ed. 210 $aOxford ;$aNew York $cOxford University Press$d2006 215 $axii, 195 p 320 $aIncludes bibliographical references (p. [175]-187) and index. 327 $aIntro -- Contents -- Preface -- Table of Cases -- 1. Power -- Family Practices and the Diffusion of Power -- The Open Society -- The Welfarism Thesis -- The case of divorce -- Homosexuality -- The New Era: From Family Law to Personal Law? -- 2. Friendship -- Friendship and Brotherly Love -- 'Full' Friendship as a Paradigmatic Value -- Friendship and Public Constraints -- Marriage and Friendship -- Friendship and Legal Rights -- Betrayal and Loss -- Friendship Plus -- Why Consider Friendship at All? -- 3. Truth -- 'Physical' Truth and 'Legal' Truth -- Truth, Kinship, and Manipulation -- Truth and Personal Relationships -- Truth and Identity -- Truth and Justice -- Conclusion: Truth and Shame -- 4. Respect -- What is Respect? -- Love -- Community Values -- Care and Nurture -- Religion -- Procreation -- Respecting Children -- 5. Responsibility -- Historical Responsibility: The Case of Divorce -- Prospective Responsibility: Allocation -- Prospective Responsibility: Exercise -- Divorce -- Parenthood -- A Fuller Concept of Responsibility -- 6. Rights -- The Central Case of Rights -- End-states -- Grounds for entitlement -- Weight -- Rights in Personal Law -- Rights claimed through political action -- Rights developed through judicial lawmaking -- Human rights -- Children's Rights -- Personal Law and Cultural Rights -- Group or collective rights -- Cultural rights, personal law, and the open society -- Bibliography -- Index -- A -- B -- C -- D -- E -- F -- G -- H -- I -- J -- K -- L -- M -- N -- O -- P -- R -- S -- T -- U -- V -- W. 330 $aHow should our most intimate personal relationships be governed in a liberal society? Should the state encourage a particular model of family life, or support individuals in their pursuit of personal happiness? This book examines the questions at the heart of family law, rethinking the ideas that shape our understanding of the family as a social unit, its purpose, and the obligations and rights that belong to family members. 606 $aDomestic relations$xPhilosophy 606 $aDomestic relations$xSocial aspects 606 $aFamilies 615 0$aDomestic relations$xPhilosophy. 615 0$aDomestic relations$xSocial aspects. 615 0$aFamilies. 676 $a346.01/5 700 $aEekelaar$b John$0277339 801 0$bMiAaPQ 801 1$bMiAaPQ 801 2$bMiAaPQ 912 $a9910961067703321 996 $aFamily law and personal life$94464951 997 $aUNINA LEADER 04595nam 22008415 450 001 9910760281703321 005 20260304145626.0 010 $a9783031326851 010 $a3031326857 024 7 $a10.1007/978-3-031-32685-1 035 $a(MiAaPQ)EBC30847536 035 $a(Au-PeEL)EBL30847536 035 $a(CKB)28645352300041 035 $a(OCoLC)1407317095 035 $a(DE-He213)978-3-031-32685-1 035 $a(EXLCZ)9928645352300041 100 $a20231031d2023 u| 0 101 0 $aeng 135 $aurcnu|||||||| 181 $ctxt$2rdacontent 182 $cc$2rdamedia 183 $acr$2rdacarrier 200 10$aBoredom Experience and Associated Behaviors $eA Lifelong Research by Dr. Augustin de la Peña /$fby Augustin de la Peña ; edited by Josefa Ros Velasco, Christian Parreno 205 $a1st ed. 2023. 210 1$aCham :$cSpringer International Publishing :$cImprint: Springer,$d2023. 215 $a1 online resource (645 pages) 225 1 $aBehavioral Science and Psychology Series 311 08$aPrint version: de la Peña, Augustin Boredom Experience and Associated Behaviors Cham : Springer International Publishing AG,c2023 9783031326844 327 $aPart 1: Boredom Experience and Associated Behaviors from Multiple Perspectives -- Chapter 1. Introduction and Overview -- Chapter 2. Western Literature and Philosophy -- Chapter 3. Psychiatry and Psychology -- Chapter 4. Sociology and Economics -- Chapter 5. Anthropology and Biology -- Part 2: Boredom Experience and Behaviors from the Perspective of Two Paradigms -- Chapter 6. Premises of the Western Commonsense View of Reality (Naïve/Direct Realism) -- Chapter 7. Premises of the Developmental Psychophysiological Approach to Reality -- Part 3: Western Modernity Re-Interpreted Within the New Perspective of Boredom -- Chapter 8. The Power of Boredom/Interest-Entertainment in Shaping Modernity, I -- Chapter 9. The Power of Boredom/Interest-Entertainment in Shaping Modernity, II -- Chapter 10. Implications for the Future, I -- Chapter 11. Implications for the Future, II. 330 $aThis book collects the lifelong research on boredom by American psychologist Augustin de la Peña (1942-2021). It focuses on the experience of boredom?and other similar states, including ennui, melancholy, laziness, interest, attention, and entertainment?and its associated behaviors. Offering an interdisciplinary chronicle of boredom, from Antiquity to the present, special attention is paid to its daily experience as a ubiquitous phenomenon that informs cultural and political actions that continue to shape our society. Dr. de la Peña describes the obsolescence of the Western Commonsense View of Reality to propose a Developmental Psychophysiological Approach to Reality, reconceptualizing boredom. The book theorizes the condition as both logical and emotional, an axis that has defined the sensibility of the modern era. This is a volume edited posthumously by Josefa Ros Velasco and Christian Parreno in homage to Augustin?s work and his invaluable contribution to the establishment of the field of boredom studies. 410 0$aBehavioral Science and Psychology Series 606 $aCognitive psychology 606 $aDevelopmental psychology 606 $aSystem theory 606 $aControl theory 606 $aEmotions 606 $aMotivation (Psychology) in children 606 $aCognition 606 $aCognitive Psychology 606 $aDevelopmental Psychology 606 $aSystems Theory, Control 606 $aEmotion 606 $aMotivation 606 $aCognition 606 $aAvorriment$2thub 606 $aPsicologia$2thub 608 $aLlibres electrònics$2thub 615 0$aCognitive psychology. 615 0$aDevelopmental psychology. 615 0$aSystem theory. 615 0$aControl theory. 615 0$aEmotions. 615 0$aMotivation (Psychology) in children. 615 0$aCognition. 615 14$aCognitive Psychology. 615 24$aDevelopmental Psychology. 615 24$aSystems Theory, Control. 615 24$aEmotion. 615 24$aMotivation. 615 24$aCognition. 615 7$aAvorriment 615 7$aPsicologia 676 $a152.4 700 $ade la Peña$b Augustin$01437938 701 $aRos Velasco$b Josefa$01437939 701 $aParreno$b Christian$01081696 801 0$bMiAaPQ 801 1$bMiAaPQ 801 2$bMiAaPQ 906 $aBOOK 912 $a9910760281703321 996 $aBoredom Experience and Associated Behaviors$93598759 997 $aUNINA